[Event "Padova op-A 5th"]
[Site "Padova"]
[Date "2002.12.15"]
[Round "3.48"]
[White "Gobbato, Paolo"]
[Black "Velluti, Alberto"]
[Result "1-0"]
[WhiteElo "1492"]
[BlackElo "1612"]
[PlyCount "31"]
[EventDate "2002.12.14"]
[EventType "swiss"]
[EventRounds "6"]
[EventCountry "ITA"]
[SourceTitle "EXT 2023"]
[Source "ChessBase"]
[SourceDate "2022.10.05"]
[SourceVersion "1"]
[SourceVersionDate "2022.10.05"]
[SourceQuality "1"]

1. d4 Nf6 2. c4 c5 3. d5 e5 4. Nc3 d6 5. e4 a6 6. h3 Be7 7. Bd3 Bd7 8. f4 0-0 9. fxe5 dxe5 10. Bc2 b5 11. d6 Ne8 12. dxe7 Qxe7 13. cxb5 axb5 14. Be3 Nc6 15. Nf3 f6 16. Qd5+ 1-0

[Event "Padova op-B 3rd"]
[Site "Padova"]
[Date "2000.12.10"]
[Round "5.9"]
[White "Ravagnani, Tiziano"]
[Black "Gobbato, Paolo"]
[Result "1-0"]
[WhiteElo "1833"]
[BlackElo "1600"]
[PlyCount "88"]
[EventDate "2000.12.02"]
[EventType "swiss"]
[EventRounds "6"]
[EventCountry "ITA"]
[SourceTitle "EXT 2024"]
[Source "ChessBase"]
[SourceDate "2023.10.10"]
[SourceVersion "1"]
[SourceVersionDate "2023.10.10"]
[SourceQuality "1"]

1. e4 c5 2. Nf3 e6 3. d4 cxd4 4. Nxd4 a6 5. c4 Nf6 6. Nc3 Qc7 7. Bd3 Bb4 8. 0-0 0-0 9. Bg5 Ne8 10. Rc1 d6 11. Qh5 h6 12. Be3 Nf6 13. Qf3 Nbd7 14. Qg3 Kh8 15. a3 Bc5 16. b4 Bxd4 17. Bxd4 e5 18. Be3 b6 19. Qh4 Rg8 20. Nd5 Qd8 21. Bxh6 gxh6 22. Qxh6+ Nh7 23. Qxd6 Rg6 24. Qe7 Qg8 25. g3 f6 26. c5 Rg7 27. Qd6 bxc5 28. Bc4 Bb7 29. Nc7 Qf8 30. Qxf8+ Rxf8 31. Ne6 Rfg8 32. Nxg7 Rxg7 33. Bd5 Bxd5 34. exd5 cxb4 35. axb4 Nb6 36. d6 Ra7 37. Rc7 Ra8 38. Rb7 Nd5 39. d7 Nf8 40. Rd1 Rd8 41. Rxd5 Kg7 42. Rc5 Nxd7 43. Rcc7 Kg6 44. Rxd7 Ra8 1-0

[Event "Padova op-B 2nd"]
[Site "Padova"]
[Date "1999.12.19"]
[Round "5.32"]
[White "Gobbato, Paolo"]
[Black "Sanavio, Giancarlo"]
[Result "0-1"]
[WhiteElo "1500"]
[BlackElo "1522"]
[PlyCount "81"]
[EventDate "1999.12.11"]
[EventType "swiss"]
[EventRounds "6"]
[EventCountry "ITA"]
[SourceTitle "EXT 2024"]
[Source "ChessBase"]
[SourceDate "2023.10.10"]
[SourceVersion "1"]
[SourceVersionDate "2023.10.10"]
[SourceQuality "1"]

1. d4 Nf6 2. c4 e6 3. Nc3 d5 4. Bg5 Be7 5. e3 0-0 6. Nf3 Nbd7 7. Rc1 Re8 8. Bd3 h6 9. Bf4 c6 10. 0-0 Nh5 11. Bg3 Nxg3 12. fxg3 Bf6 13. cxd5 exd5 14. Qd2 Nf8 15. Bb1 Qa5 16. a3 Bg4 17. Ne1 Qb6 18. b4 Bh5 19. b5 Rad8 20. bxc6 bxc6 21. Na4 Qb3 22. Nc3 Qxa3 23. h4 Qd6 24. Qf2 a5 25. Bc2 Qa3 26. Ba4 Qxc1 27. Nc2 Qb2 28. Qd2 Qb7 29. Kh1 Qc7 30. Rf4 Re6 31. Ne1 Ng6 32. Rf1 Qxg3 33. Nf3 Nxh4 34. Nxh4 Qxh4+ 35. Kg1 Rxe3 36. Rxf6 Rxc3 37. Rf4 Qg5 38. Kh2 Qg3+ 39. Kh1 Rd3 40. Qc1 Re8 41. Rf1 0-1